|
|
|
|
| LEADER |
01514njm a2200457 a 4500 |
| 001 |
000573044 |
| 003 |
CZ BrMZK |
| 005 |
20020107144110.0 |
| 008 |
010825s1997 xr f cze d |
| 028 |
0 |
3 |
|a AA 0067-4 331
|b Aplaus
|
| 040 |
|
|
|a BOA001
|b cze
|
| 080 |
|
|
|a (086.7)
|2 MRF
|
| 080 |
|
|
|a 784.4
|2 MRF
|
| 110 |
2 |
|
|a Voraři (hudební skupina)
|7 ko2003181638
|4 prf
|
| 245 |
1 |
0 |
|a Hospůdka
|h [zvukový záznam] /
|c Voraři & Český šramlík
|
| 246 |
3 |
3 |
|a Děvčátko
|
| 246 |
3 |
3 |
|a V neděli odpoledne
|
| 246 |
3 |
3 |
|a Už je malá chvilka
|
| 246 |
3 |
3 |
|a Lísteček z památníku
|
| 246 |
3 |
3 |
|a Páslo děvče koně
|
| 246 |
3 |
3 |
|a Cestička k domovu
|
| 246 |
3 |
3 |
|a Tam u nás na návsi
|
| 246 |
3 |
3 |
|a Namluvil jsem si
|
| 246 |
3 |
3 |
|a Tam kde se hvězdy třpytí
|
| 246 |
3 |
3 |
|a Mládí prchlo do dáli
|
| 246 |
3 |
3 |
|a K háječku cestička
|
| 246 |
3 |
3 |
|a U mlýna pod strání
|
| 246 |
3 |
3 |
|a Hospůdka
|
| 260 |
|
|
|a Křenovice :
|b Aplaus,
|c p1997
|
| 300 |
|
|
|a 1 MC :
|b Dolby systém +
|e 1 složený list
|
| 490 |
1 |
|
|a Heligonky
|
| 500 |
|
|
|a Durata neuvedeny
|
| 500 |
|
|
|a Nahráno neuvedeno
|
| 505 |
2 |
|
|a Hospůdka, Děvčátko, V neděli odpoledne ... [et al.]
|
| 650 |
0 |
4 |
|a lidové písně (zpěv, helikonkové trio, šraml)
|
| 655 |
|
4 |
|a lidové písně
|
| 710 |
2 |
|
|a Český šramlík (hudební skupina)
|7 mzk2003195171
|4 prf
|
| 830 |
|
0 |
|a Heligonky
|
| 910 |
|
|
|a BOA001
|b KZ-0009.785
|
| 990 |
|
|
|a AV
|
| 996 |
6 |
|
|b 261H010600
|c KZ-0009.785
|l MZK
|r Sklad / do 24 hodin
|n 0
|w 000573044
|u 000010
|a 1
|e BOA001
|j MZK50
|s P
|